Normal view
MARC view
- Electronics
Entry Topical Term
001 - CONTROL NUMBER
- control field: 70348
003 - CONTROL NUMBER IDENTIFIER
- control field: OSt
005 - DATE AND TIME OF LATEST TRANSACTION
- control field: 20220806111827.0
008 - FIXED-LENGTH DATA ELEMENTS
- fixed length control field: 220806|| aca||aabn | a|a d
040 ## - CATALOGING SOURCE
- Original cataloging agency: OSt
- Transcribing agency: OSt
150 ## - HEADING--TOPICAL TERM
- Topical term or geographic name entry element: Electronics
670 ## - SOURCE DATA FOUND
- Source citation: Work cat.: (OSt)39405: Chaudhari, S. R. And Others 70347, Analog Systems: Electronics: Paper-ii: Semester-i, 2014